Bioenergetika mitochondrií u pacientov pred a po transplantácii srdca

Bibliographic Details
Main Authors: Gvozdjáková, Anna, 1943- (Author), Kucharská, Jarmila, 1953- (Author), Mizera, S. (Author), Solčanská, K. (Author), Margitfalvi, Peter (Author), Schreinerová, Zlatica, 1947- (Author), Schrameková, E. (Author), Nôtová, Pavla, 1954- (Author), Pecháň, Ivan, 1932-2010 (Author), Fabián, J. (Author)
Format: Article
Language:Slovak
PhysicalDescription:Obr. 3, res. angl., slov., lit. 25 zázn.
ISSN:0006-9248
Subjects:

MARC

LEADER 00000nab a2200000 a 4500
001 vtls000614915
003 SK-MaSNL
005 20260305001650.0
008 250425c1996 xo 0 slo
015 |a SNBRB19rr/mm-uuuuu 
035 |a CL0615054 
035 |a urn:nbn:sk:snk-abg4b 
035 |a (urnnbn)urn:nbn:sk:snk:ar-a03f9f 
035 |a (uuid)cc5dc373-cdc0-4a36-972f-f3da7bdbb041 
040 |a SNKBUCL  |b slo  |c SNKBUCL  |e AACR2 
041 0 |a slo 
044 |a xo  |c SK 
080 |a 616.12-089.843:576.311.347  |2 1981 
080 |a 576.311.347  |2 1981 
245 0 0 |a Bioenergetika mitochondrií u pacientov pred a po transplantácii srdca  |c A. Gvozdjáková, J. Kucharská, S. Mizera, K. Solčanská, P. Margitfalvi, Z. Schreinerová, E. Schrameková, P. Nôtová, I. Pecháň, J. Fabián 
300 |b Obr. 3, res. angl., slov., lit. 25 zázn. 
650 0 7 |a srdce  |2 snkbucl  |9 13574 
650 0 7 |a transplantácia  |2 snkbucl  |9 2609 
650 0 7 |a mitochondrie  |2 snkbucl  |9 16289 
655 7 |a články z novín a časopisov  |2 snkbucl  |9 267496 
700 1 |a Gvozdjáková, Anna,  |d 1943-  |4 aut  |9 165579 
700 1 |a Kucharská, Jarmila,  |d 1953-  |4 aut  |9 8213 
700 1 |a Mizera, S.  |4 aut  |9 916995 
700 1 |a Solčanská, K.  |4 aut  |9 1543760 
700 1 |a Margitfalvi, Peter  |4 aut  |9 12112 
700 1 |a Schreinerová, Zlatica,  |d 1947-  |4 aut  |9 11662 
700 1 |a Schrameková, E.  |4 aut  |9 822951 
700 1 |a Nôtová, Pavla,  |d 1954-  |4 aut  |9 234765 
700 1 |a Pecháň, Ivan,  |d 1932-2010  |4 aut  |9 25742 
700 1 |a Fabián, J.  |4 aut  |9 822953 
773 0 |t Bratislavské lekárske listy  |g Roč. 97, č. 10 (1996), s. 641-618  |x 0006-9248 
850 |a Slovenská národná knižnica 
852 |a Slovenská národná knižnica 
954 |a odborná, vedecká literatúra pôvodná (slovenská)  |2 lita 
958 |a article27 
958 |a NB 
958 |a NX 
958 |a RK 
958 |a OND 
958 |a EUIPO 
992 |a RBX 
999 |c 3220549  |d 3222479